|
|
|
|
| LEADER |
00000cam a2200000 a 4500 |
| 001 |
vtls009743101 |
| 003 |
SK-MaSNL |
| 005 |
20260301171507.0 |
| 008 |
090725s2000 xo a f u 000 0 slo |
| 020 |
|
|
|c (cen. skup. 11)
|
| 035 |
|
|
|a (SVKBBclas03)vtls000107423
|
| 040 |
|
|
|a SNK
|b slo
|c SNK
|e AACR2
|
| 041 |
1 |
|
|a slo
|h [eng]
|
| 044 |
|
|
|a xo
|c SK
|
| 046 |
|
|
|a m
|m 20000801 (účin.)
|n 20051101 (zruš.)
|
| 072 |
|
7 |
|a 621.3
|x Elektrotechnika
|2 konspekt
|
| 080 |
|
|
|a 621.31
|2 2001
|
| 080 |
|
|
|a 683.97
|2 2001
|
| 080 |
|
|
|a 614.8.084
|2 2001
|
| 080 |
|
|
|a 006.86
|2 2001
|
| 080 |
|
|
|a (4)CENELEC
|2 2001
|
| 080 |
|
|
|a (437.6)
|2 2001
|
| 080 |
|
|
|a (083.742)
|2 2001
|
| 084 |
|
|
|a 13.120
|2 ICS
|
| 084 |
|
|
|a 97.040.50
|2 ICS
|
| 130 |
0 |
|
|a STN 36 1055 (STN EN 60335-2-35) [neplatná]
|9 539266
|
| 245 |
1 |
0 |
|a STN EN 60335-2-35: 2000 (36 1055) [neplatná], Bezpečnosť elektrických spotrebičov pre domácnosť a na podobné účely
|n Časť 2-35
|p Osobitné požiadavky na prietokové ohrievače vody
|
| 246 |
1 |
0 |
|a Bezpečnosť elektrických spotrebičov pre domácnosť a na podobné účely
|
| 246 |
1 |
0 |
|a Osobitné požiadavky na prietokové ohrievače vody
|
| 246 |
3 |
0 |
|a EN 60335-2-35: 1998
|
| 246 |
3 |
0 |
|a IEC 60335-2-35: 1997
|
| 260 |
|
|
|a Bratislava
|b Slovenský ústav technickej normalizácie
|c 2000
|
| 300 |
|
|
|a 20 s.
|c 30 cm
|
| 500 |
|
|
|a Od 1.1.2005 nahrádza STN EN 60335-2-35 z júla 1999 v celom rozsahu, do 1.1.2005 sa môžu obidve normy súbežne používať
|
| 500 |
|
|
|a Od 1.7.2004 je norma nahradená normou STN EN 60335-3-35: 2004, do 1.11.2005 je možné obidve normy súbežne používať
|
| 500 |
|
|
|a Spracovateľ: Milan Jurík
|
| 504 |
|
|
|a Citované normy a súvisiace právne predpisy: s. 1
|
| 520 |
8 |
|
|a Norma je identická s EN 60335-2-35: 1998 a IEC 60335-2-35: 1997
|
| 540 |
|
|
|a STN vydané na akomkoľvek nosiči sa môžu rozmnožovať a rozširovať iba so súhlasom určenej právnickej osoby
|b SÚTN Bratislava
|c zákon 264/1999 Z.z.
|
| 650 |
0 |
7 |
|a elektrické spotrebiče
|2 SVKBBPH
|9 58058
|
| 650 |
0 |
7 |
|a ohrievače vody
|2 SVKBBPH
|9 320709
|
| 650 |
0 |
7 |
|a prietokové ohrievače
|2 SVKBBPH
|9 408413
|
| 650 |
0 |
7 |
|a bezpečnosť
|2 SVKBBPH
|9 274422
|
| 650 |
0 |
7 |
|a technické normy a štandardy
|z Slovensko
|2 SNKPH
|9 79594
|
| 650 |
0 |
7 |
|a technické normy a štandardy
|z krajiny Európskej únie
|2 SNKPH
|9 289341
|
| 655 |
|
7 |
|a normy
|2 SNKPH
|9 70643
|
| 700 |
1 |
|
|a Jurík, Milan,
|c Ing., elektrotechnik
|4 trl
|9 318870
|
| 710 |
2 |
|
|a Slovenský ústav technickej normalizácie (Bratislava, Slovensko).
|b Technická normalizačná komisia č. 10 Elektrické spotrebiče a elektrické ručné náradie
|4 stn
|9 293926
|
| 958 |
|
|
|a OP
|
| 958 |
|
|
|a NB
|
| 999 |
|
|
|c 830993
|d 832923
|
| 952 |
|
|
|t P60, <03>, [BOOK], {603}
|a SNK
|b SNK
|y PREZ
|7 0
|p 17A0271485
|o snkSTN EN 60335-2-35
|i snkN 471/2001
|0 0
|1 0
|4 0
|d 2001-03-30
|l 0
|r 2005-01-02 00:00:00
|w 2026-02-24
|
| 952 |
|
|
|t P60, <04>, [BOOK], {604}
|a SNK
|b SNK
|y VYP
|7 0
|p 17A0271484
|o snkSTN EN 60335-2-35 D1
|i snkN 472/2001
|0 0
|1 0
|4 0
|d 2001-03-30
|l 0
|r 2005-01-02 00:00:00
|w 2026-02-24
|